000 01007nam a22002777a 4500
001 8583
003 FISKH
005 20251002090129.0
008 251002b cb ||||| |||| 00| 0 eng d
020 _a9789995094744
040 _aFISKH
_bkhr
_cFISKH
_dFISKH
050 _aPZ7
100 _aSotheary, Kimsun
245 _aបណ្ឌិតធនញ្ជ័យ​ :
_bThun Chey the sage /
_cរៀបរៀងដោយ អ្នកស្រី គឹមស៊ុន​ សុធារី
260 _aភ្នំពេញ :
_bReading Books ,
_c២០០៩ .
300 _a28 pages :
_bcolor illustrations ;
_c25 cm .
490 _aពិភពរឿងនិទាន
505 _aP
521 8 _a650
_bLexile estimate
521 8 _aP
_bRaz-Plus
650 _aបណ្ឌិតធនញ្ជ័យ
_vរឿងនិទានកុមារ
650 _aThun Chey the sage
_vChildren's stories
700 _aSan, Thai
_eIllustrator
942 _2ddc
_cKHB
_n0
999 _c8583
_d8583